| 000 | 00452nam a22001577a 4500 | ||
|---|---|---|---|
| 082 |
_a297.63 _bKHA _cl-39,P-29 |
||
| 100 |
_aKhatab,Mehmood Sheeyet _937481 |
||
| 110 |
_aKhatab,Mehmood Sheeyet _937482 |
||
| 245 |
_aنور مصطفے کی جہلکیان _cKhatab,Mehmood Sheeyet |
||
| 250 | _a1st | ||
| 260 |
_aRawalpindi.: _bHira book depot |
||
| 300 | _a139p. | ||
| 526 |
_a0 _b0 _c0 _d297_630000000000000_KHA |
||
| 650 |
_aMCE _9379 |
||
| 942 |
_2ddc _cBK |
||
| 999 |
_c542351 _d542351 |
||